| 000 | 00554cam a2200169 a 4500 | ||
|---|---|---|---|
| 020 | _a9780415192651 | ||
| 040 |
_aDLC _cDLC _dDLC |
||
| 082 | 0 | 0 |
_a155 _221 |
| 100 | 1 | _aSugarman, Léonie, | |
| 245 | 1 | 0 |
_aLife span development : frameworks accounts and strategies _cLeonie Sugarman. |
| 250 | _a2nd ed. | ||
| 260 |
_aHove, East Sussex ; _aNew York : _bPsychology Press, _c2001. |
||
| 300 |
_axii, 243 p. : _bill. ; _c24 cm. |
||
| 504 | _aIncludes bibliographical references (p. [219]-236) and index. | ||
| 650 | 0 | _aDevelopmental psychology. | |
| 942 |
_2ddc _cBK |
||
| 999 |
_c11420 _d11420 |
||